[Event "Hallstahammar op"]
[Site "Hallstahammar"]
[Date "2001.09.09"]
[Round "7"]
[White "Jiretorn, Eva"]
[Black "Hjalmarsson, Per"]
[Result "1-0"]
[WhiteElo "2225"]
[BlackElo "2020"]
[PlyCount "111"]
[EventDate "2001.??.??"]
[EventType "swiss"]
[EventRounds "7"]
[EventCountry "SWE"]
[SourceTitle "EXT 2006"]
[Source "ChessBase"]
[SourceDate "2005.11.24"]
[SourceVersion "1"]
[SourceVersionDate "2005.11.24"]
[SourceQuality "1"]

1. d4 Nf6 2. c4 c5 3. dxc5 e6 4. Be3 Nc6 5. f3 d5 6. cxd6 Bxd6 7. Nc3 0-0 8. Nh3 b6 9. a3 Ne5 10. b3 Bb7 11. Nb5 Bb8 12. Bg5 Qe7 13. e4 h6 14. Be3 Rd8 15. Qc2 Nc6 16. Kf2 Be5 17. Ra2 a6 18. Nc3 Nd4 19. Qb2 Qc7 20. Be2 Nxe2 21. Kxe2 Bxh2 22. Bxb6 Qxb6 23. Rxh2 Qd6 24. Rh1 Qg3 25. Rg1 Rd7 26. Qc1 Nh5 27. Qe3 Rad8 28. Rc2 Qd6 29. c5 Qc7 30. b4 Bc6 31. f4 f5 32. e5 Be4 33. Nxe4 fxe4 34. Nf2 Qc6 35. Rgc1 Rd3 36. Nxd3 exd3+ 37. Kf2 dxc2 38. Rxc2 Rf8 39. Rc4 Qd5 40. Rd4 Qxd4 41. Qxd4 Rxf4+ 42. Ke3 Rxd4 43. Kxd4 Kf8 44. c6 Ke7 45. Kc5 Nf4 46. Kb6 Kd8 47. Kxa6 Kc7 48. b5 Nd5 49. a4 h5 50. Ka7 h4 51. a5 Ne7 52. b6+ Kxc6 53. b7 Kc5 54. Ka8 Nc6 55. a6 Kb6 56. a7 1-0